| 000 -Etiqueta do registo | |
|---|---|
| campo de controlo de comprimento fixo | 011690000a22003010004500 |
| 001 - Identificador do registo | |
| Campo de controlo | 52118 |
| 010 ## - ISBN | |
| Número (ISBN) | 978-972-708-988-8 |
| 021 ## - Nº depósito legal | |
| Código do país | Portugal |
| Número | 267654/07 |
| 100 ## - Dados Gerais de Proc. | |
| Dados gerais de processamento | 20151203d2015 k y0pory5003 ba |
| 101 0# - Língua da publicação | |
| Língua do texto, banda sonora, etc. | Português |
| 102 ## - País de Publicação | |
| País de publicação | Portugal |
| 200 1# - Título | |
| Título próprio | A viúva e o papagaio |
| Informação de outro título | uma história verídica |
| Primeira menção de responsabilidade | Virginia Woolf |
| Outras menções de responsabilidade | il. Anisabel Sá Fernandes |
| -- | trad. Manuel Alberto |
| 210 ## - Publicação, Distribuição | |
| Lugar da edição, distribuição, etc. | Porto |
| Nome do editor, distribuidor, etc. | Porto Editora |
| Data da publicação, distribuição, etc. | 2013 |
| 215 ## - Descrição física | |
| Descrição física | 38, [3] p. |
| Outras indicações físicas | il. |
| 225 2# - Colecção | |
| Título próprio da colecção | Universos mágicos |
| 304 ## - Título e responsabilidade | |
| Texto da nota | Título original: The widow and the Parrot: A true story |
| 606 ## - Nome comum | |
| Koha Internal code | 2120 |
| Elemento de entrada | Literatura inglesa -- Literatura juvenil |
| Subdivisão de assunto | Conto |
| 675 ## - CDU | |
| Notação | 821.111-34 |
| Edição | BN |
| Língua da edição | Português |
| 700 #1 - Responsabilidade principal | |
| Koha Internal Code | 48081 |
| Palavra de ordem | Woolf |
| Outra parte do nome | Virgínia |
| Datas | 1882-1941 |
| 702 #1 - Responsabilidade secundária | |
| Koha Internal Code | 19078 |
| Código de função | Ilustrador |
| Palavra de ordem | Fernandes |
| Outra parte do nome | Anisabel Sá |
| 702 ## - Responsabilidade secundária | |
| Koha Internal Code | 6300 |
| Código de função | Tradutor |
| Palavra de ordem | Alberto |
| Outra parte do nome | Manuel |
| 801 ## - Fonte de origem | |
| País | Portugal |
| Data da última transacção | 20151203 |
| 856 ## - Localização e acesso electrónico | |
| URL | <a href="https://pt.wikipedia.org/wiki/Virginia_Woolf">https://pt.wikipedia.org/wiki/Virginia_Woolf</a> |
| Nota para informação ao público | Mais informação |
| 859 ## - Imagem da capa | |
| Uniform Resource Location (URL) | https://d.gr-assets.com/books/1388957554l/20446475.jpg |
| Nota informativa | Capa |
| 090 ## - Números de controlo do sistema (Koha) | |
| Número biblioitem do Koha (gerado automaticamente) | 52118 |
| 942 ## - Elementos de entrada adicionados (Koha) | |
| Tipo de item no Koha | Monografias |
| Suprimido | Disponível no OPAC |
| 999 ## - Campo local | |
| Campo local | 52118 |
| Perdido (estado) | Data de aquisição | Origem do registo (biblioteca) (codificado) | Código da organização que empresta ou é detentora (biblioteca) | Código de barras | Cota | Tipo de circulação (não pode ser emprestado) | Tipo de item e material |
|---|---|---|---|---|---|---|---|
| Disponível | 2015-12-03 | Biblioteca EB23 D. Paio Peres Correia | Biblioteca EB23 D. Paio Peres Correia | BEBDPPC7564 | 82.03-34 WOO | Normal | Monografias |
| Disponível | 2015-12-03 | Biblioteca EB23 D. Paio Peres Correia | Biblioteca EB23 D. Paio Peres Correia | BEBDPPC7565 | 82.03-34 WOO | Normal | Monografias |